Korszellem és művészet

Elmentve itt :
Bibliográfiai részletek
Szerző: Szalay Gyula
Dokumentumtípus: Cikk
Megjelent: 1925
Sorozat:Botond : szépirodalmi és tudományos folyóirat 1 No. 3
Kulcsszavak:Magyar irodalom publicisztika
Online Access:http://misc.bibl.u-szeged.hu/3103
LEADER 00579nab a2200169 i 4500
001 misc3103
005 20191106143202.0
008 170607s1925 hu o 0|| hun d
040 |a SZTE Miscellanea Repozitórium  |b hun 
041 |a hun 
100 1 |a Szalay Gyula 
245 1 0 |a Korszellem és művészet  |h [elektronikus dokumentum] /  |c  Szalay Gyula 
260 |c 1925 
300 |a 5-9 
490 0 |a Botond : szépirodalmi és tudományos folyóirat  |v 1 No. 3 
695 |a Magyar irodalom publicisztika 
856 4 0 |u http://misc.bibl.u-szeged.hu/3103/1/botond_001_003_005-009.pdf  |z Dokumentum-elérés